| 000 -LEADER |
| fixed length control field |
01069cam a2200325 4500 |
| 001 - CONTROL NUMBER |
| control field |
1617727 |
| 003 - CONTROL NUMBER IDENTIFIER |
| control field |
OSt |
| 005 - DATE AND TIME OF LATEST TRANSACTION |
| control field |
20230120141146.0 |
| 008 - FIXED-LENGTH DATA ELEMENTS--GENERAL INFORMATION |
| fixed length control field |
160201t20102008enka b 000 1 eng d |
| 020 ## - INTERNATIONAL STANDARD BOOK NUMBER |
| International Standard Book Number |
9781406325409 |
| Qualifying information |
(paperback) : |
| 040 ## - CATALOGING SOURCE |
| Original cataloging agency |
KML |
| Language of cataloging |
eng |
| Transcribing agency |
KML |
| Modifying agency |
NTBC |
| -- |
KH8 |
| Description conventions |
ccr |
| 041 0# - LANGUAGE CODE |
| Language code of text/sound track or separate title |
eng |
| 042 ## - AUTHENTICATION CODE |
| Authentication code |
nbic |
| 082 0# - DEWEY DECIMAL CLASSIFICATION NUMBER |
| Classification number |
823.3 HAR |
| 100 1# - MAIN ENTRY--PERSONAL NAME |
| Personal name |
Hartnett, Sonya, |
| Dates associated with a name |
1968- |
| Relator term |
author. |
| 245 10 - TITLE STATEMENT |
| Title |
Sadie and Ratz / |
| Statement of responsibility, etc. |
Sonya Hartnett ; illustrated by Ann James. |
| 260 ## - PUBLICATION, DISTRIBUTION, ETC. |
| Place of publication, distribution, etc. |
London : |
| Name of publisher, distributor, etc. |
Walker, |
| Date of publication, distribution, etc. |
2010. |
| 300 ## - PHYSICAL DESCRIPTION |
| Extent |
63 pages : |
| Other physical details |
illustrations ; |
| Dimensions |
19 cm. |
| 336 ## - CONTENT TYPE |
| Content type term |
text |
| Content type code |
txt |
| Source |
rdacontent. |
| 337 ## - MEDIA TYPE |
| Media type term |
unmediated |
| Media type code |
n |
| Source |
rdamedia. |
| 338 ## - CARRIER TYPE |
| Carrier type term |
volume |
| Carrier type code |
nc |
| Source |
rdacarrier. |
| 490 1# - SERIES STATEMENT |
| Series statement |
Walker story. |
| 500 ## - GENERAL NOTE |
| General note |
Originally published in 2008, by Camberwell, Vic. : |
| 520 ## - SUMMARY, ETC. |
| Summary, etc. |
This is a story about sibling rivalry features a child whose hands take on their own personalities. |
| 521 ## - TARGET AUDIENCE NOTE |
| Target audience note |
Ages 4-8. |
| 650 #0 - SUBJECT ADDED ENTRY--TOPICAL TERM |
| Topical term or geographic name entry element |
Brothers and sisters |
| Form subdivision |
Juvenile fiction. |
| 700 1# - ADDED ENTRY--PERSONAL NAME |
| Personal name |
James, Ann, |
| Dates associated with a name |
1952- |
| Relator term |
illustrator. |
| 830 #0 - SERIES ADDED ENTRY--UNIFORM TITLE |
| Uniform title |
Walker story. |
| 942 ## - ADDED ENTRY ELEMENTS (KOHA) |
| Source of classification or shelving scheme |
|
| Koha item type |
Books - Non Ficton |